000 01446nam a22002897a 4500
001 9816
003 FISKH
005 20260226162326.0
008 260226b cb ||||| |||| 00| 0 eng d
020 _a9780618599141
040 _aFISKH
_beng
_cFISKH
_dFISKH
082 _a636.8
100 _aCroft , Magda
245 _aThe cat /
_cby Magda Croft
260 _aBoston :
_bHoughton Mifflin ,
_c2006.
300 _a8 pages :
_bcolor illustrations ;
_c20 cm .
490 _aHoughton Mifflin Science Leveled Readers
505 _aD
520 _aThe Cat (Houghton Mifflin Science Leveled Reader) is a very short nonfiction reader about cats aimed at beginning readers. The text likely introduces basic facts about cats — what they are, how they look, what they do, and how they behave — using simple language and illustrations to support early reading and basic science vocabulary. Because this is a science leveled reader, the book probably focuses on real feline characteristics (e.g., senses, movement, habitat, behavior) rather than a fictional story. Beginning readers in early elementary grades use such science readers to practice decoding while learning essential facts about common animals.
521 8 _a160
_bLexile estimate
521 8 _aD
_bRaz-Plus
650 _aScience
_vNon-fiction
650 _aFree
_vNon-fiction
650 _aAnimals
_vNon-fiction
942 _2ddc
_cBK
_n0
999 _c9816
_d9816